La elección de obispos en la Iglesia anglicana (Registro nro. 69779)
[ vista simple ]
| 000 -LÍDER | |
|---|---|
| Campo fijo de descripción fija | 01128nab a2200241 i 4500 |
| 001 - NÚMERO DE CONTROL | |
| Campo de control | 768714001 |
| 003 - IDENTIFICADOR DEL NÚMERO DE CONTROL | |
| Campo de control | CO-MdFUSB |
| 005 - FECHA Y HORA DE LA ULTIMA TRANSACCIÓN | |
| control field | 20240520083440.0 |
| 008 - ELEMENTOS DE LONGITUD FIJA -- INFORMACIÓN GENERAL | |
| Campo fijo de descripción fija -- Información general | 240520t1972 sp ||||| |||| 00| 0 spa d |
| 040 ## - FUENTE DE CATALOGACIÓN | |
| Idioma de catalogación | spa |
| Agencia que realiza la transcripción | CO-MdFUSB |
| Agencia que realiza la modificación | CO-MdFUSB |
| 041 ## - CÓDIGO DE IDIOMA | |
| Código de idioma para texto/pista de sonido o título separado | spa |
| 100 ## - ASIENTO PRINCIPAL--NOMBRE PERSONAL | |
| Nombre personal | Chadwick, Owen |
| Término relacionador | autor |
| 245 #3 - TÍTULO | |
| Título | La elección de obispos en la Iglesia anglicana |
| Mención de responsabilidad | / Owen Chadwick ; traducido por Julio Alonso Asenjo |
| 520 ## - NOTA DE RESUMEN, ETC. | |
| Nota de sumario, etc. | Perspectiva histórica de como en la Edad Media se elegía y nombraba a los Obispos en la Iglesia anglicana. Asi mismo, se mencionan cuales eran los protocolos y los decretos o actas regulaban tales designación. |
| 650 #0 - ASIENTO SECUNDARIO DE MATERIA - TERMINO TEMÁTICO | |
| Término temático o nombre geográfico como elemento de entrada | Historia de la Iglesia |
| Subdivisión geográfica | (Edad Media), ca. 600-1500 |
| 9 (RLIN) | 285 |
| 650 #7 - ASIENTO SECUNDARIO DE MATERIA - TERMINO TEMÁTICO | |
| Término temático o nombre geográfico como elemento de entrada | Iglesia y Estado |
| 9 (RLIN) | 288 |
| 650 #7 - ASIENTO SECUNDARIO DE MATERIA - TERMINO TEMÁTICO | |
| Término temático o nombre geográfico como elemento de entrada | Clero -- |
| Término temático que sigue al nombre geográfico como elemento de entrada | Actividad política |
| 9 (RLIN) | 41 |
| 653 ## - TÉRMINO DE INDIZACIÓN - NO CONTROLADO | |
| Término no controlado | Iglesia anglicana |
| 700 ## - ENTR. SECUNDARIA - Nombre Personal (R) | |
| Nombre de persona | Alonso Asenjo, Julio |
| 773 0# - ASIENTO DE ITEM FUENTE | |
| Biblionumber | 49450 |
| Itemnumber | 82645 |
| Otro identificador del ítem | R2567 |
| Título | Revista internacional de teología Concilium |
| Número de control del registro | (CO-MdFUSB)8 |
| Número Internacional Normalizado para Publicaciones Seriadas (ISSN) | 0210-1041 |
| Parte(s) relacionada(s) / Volumen., número. (mes año), páginas | Número 77, (julio - agosto, 1972), páginas: 142 - 147 |
| Enumeración y primera página | página: 142 |
| 942 ## - TIPO DE MATERIAL (KOHA) | |
| Tipo de Item KOHA | Artículos de Revista |
| 945 ## - INFORMACIÓN LOCAL DEL REGISTRO | |
| Catalogador | Catherine Arias Alvarez - Practicante SENA |
No hay ítems disponibles.
